Technical drawing (Record no. 80956)
[ view plain ]
| 000 -LEADER | |
|---|---|
| fixed length control field | 01509nam a2200241 a 4500 |
| 008 - FIXED-LENGTH DATA ELEMENTS--GENERAL INFORMATION | |
| fixed length control field | 120416s1971 ||||||||||||||||| || u |
| 020 ## - INTERNATIONAL STANDARD BOOK NUMBER | |
| International Standard Book Number | 0435756060 |
| 050 ## - LIBRARY OF CONGRESS CALL NUMBER | |
| Classification number | T 353 May |
| 100 ## - MAIN ENTRY--PERSONAL NAME | |
| Personal name | Mayock, F. B |
| 245 10 - TITLE STATEMENT | |
| Title | Technical drawing |
| 246 ## - | |
| -- | omnibus, one-four |
| 250 ## - EDITION STATEMENT | |
| Edition statement | Teacher's |
| 260 ## - PUBLICATION, DISTRIBUTION, ETC. | |
| Place of publication, distribution, etc. | London |
| Name of publisher, distributor, etc. | ELBS/Heinemann |
| Date of publication, distribution, etc. | 1971 |
| 300 ## - PHYSICAL DESCRIPTION | |
| Extent | 113p. : ill |
| 350 ## - | |
| -- | 0.00 |
| 995 ## - | |
| -- | TEXTBOOKS (MIN.ENG.) |
| -- | 0.00 |
| -- | 03167 |
| -- | CBU-SCHOOL TEXTBOOK COLLECTIONS |
| -- | 1 |
| -- | 0.00 |
| -- | SCHOOL TEXTBOOK |
| -- | 2 |
| -- | AVAILABLE |
| -- | Aug 11, 2009 |
| -- | 03167 |
| -- | School Collections |
| 995 ## - | |
| -- | TEXTBOOKS (MIN.ENG.) |
| -- | 0.00 |
| -- | 5166 |
| -- | CBU-SCHOOL TEXTBOOK COLLECTIONS |
| -- | 1 |
| -- | 0.00 |
| -- | SCHOOL TEXTBOOK |
| -- | 3 |
| -- | AVAILABLE |
| -- | Aug 24, 2009 |
| -- | 5166 |
| -- | School Collections |
| 995 ## - | |
| -- | TEXTBOOKS (MIN.ENG.) |
| -- | 0.00 |
| -- | 5169 |
| -- | CBU-SCHOOL TEXTBOOK COLLECTIONS |
| -- | 1 |
| -- | 0.00 |
| -- | SCHOOL TEXTBOOK |
| -- | 6 |
| -- | AVAILABLE |
| -- | Aug 24, 2009 |
| -- | 5169 |
| -- | School Collections |
| 995 ## - | |
| -- | TEXTBOOKS (MIN.ENG.) |
| -- | 0.00 |
| -- | 5168 |
| -- | CBU-SCHOOL TEXTBOOK COLLECTIONS |
| -- | 1 |
| -- | 0.00 |
| -- | SCHOOL TEXTBOOK |
| -- | 5 |
| -- | AVAILABLE |
| -- | Aug 24, 2009 |
| -- | 5168 |
| -- | School Collections |
| 995 ## - | |
| -- | TEXTBOOKS (MIN.ENG.) |
| -- | 0.00 |
| -- | 5170 |
| -- | CBU-SCHOOL TEXTBOOK COLLECTIONS |
| -- | 1 |
| -- | 0.00 |
| -- | SCHOOL TEXTBOOK |
| -- | 7 |
| -- | AVAILABLE |
| -- | Aug 24, 2009 |
| -- | 5170 |
| -- | School Collections |
| 995 ## - | |
| -- | BINDERY (DAMAGED) |
| -- | 0.00 |
| -- | 713829 |
| -- | CBU-MAIN LIBRARY (Kitwe) |
| -- | 1 |
| -- | 2.00 |
| -- | T 353 May |
| -- | 1 |
| -- | DAMAGED |
| -- | 013272 |
| -- | Main Library Open Access Collection |
| 995 ## - | |
| -- | TEXTBOOKS (MIN.ENG.) |
| -- | 0.00 |
| -- | 5167 |
| -- | CBU-SCHOOL TEXTBOOK COLLECTIONS |
| -- | 1 |
| -- | 0.00 |
| -- | SCHOOL TEXTBOOK |
| -- | 4 |
| -- | AVAILABLE |
| -- | Aug 24, 2009 |
| -- | 5167 |
| -- | School Collections |
| 999 ## - | |
| -- | 80956 |
| -- | 80956 |
| Withdrawn status | Lost status | Source of classification or shelving scheme | Damaged status | Not for loan | Permanent Location | Current Location | Shelving location | Date acquired | Total Checkouts | Full call number | Barcode | Date last seen | Copy number | Price effective from | Koha item type |
|---|---|---|---|---|---|---|---|---|---|---|---|---|---|---|---|
| CBU-MAIN LIBRARY, KITWE. | CBU-MAIN LIBRARY, KITWE. | 07/11/2023 | T 353 May | 013272 | 07/11/2023 | 6 | 07/11/2023 | MONOGRAPH | |||||||
| CBU-SCHOOL TEXT BOOK COLLECTION | CBU-SCHOOL TEXT BOOK COLLECTION | 07/11/2023 | SCHOOL TEXTBOOK | 03167 | 07/11/2023 | 1 | 07/11/2023 | SPECIAL COLLECTION | |||||||
| CBU-SCHOOL TEXT BOOK COLLECTION | CBU-SCHOOL TEXT BOOK COLLECTION | 07/11/2023 | SCHOOL TEXTBOOK | 5166 | 07/11/2023 | 2 | 07/11/2023 | SPECIAL COLLECTION | |||||||
| CBU-SCHOOL TEXT BOOK COLLECTION | CBU-SCHOOL TEXT BOOK COLLECTION | 07/11/2023 | SCHOOL TEXTBOOK | 5169 | 07/11/2023 | 3 | 07/11/2023 | SPECIAL COLLECTION | |||||||
| CBU-SCHOOL TEXT BOOK COLLECTION | CBU-SCHOOL TEXT BOOK COLLECTION | 07/11/2023 | SCHOOL TEXTBOOK | 5168 | 07/11/2023 | 4 | 07/11/2023 | SPECIAL COLLECTION | |||||||
| CBU-SCHOOL TEXT BOOK COLLECTION | CBU-SCHOOL TEXT BOOK COLLECTION | 07/11/2023 | SCHOOL TEXTBOOK | 5170 | 07/11/2023 | 5 | 07/11/2023 | SPECIAL COLLECTION | |||||||
| CBU-SCHOOL TEXT BOOK COLLECTION | CBU-SCHOOL TEXT BOOK COLLECTION | 07/11/2023 | SCHOOL TEXTBOOK | 5167 | 07/11/2023 | 7 | 07/11/2023 | SPECIAL COLLECTION |